Probabilistic machine learning : (Record no. 1429055)

MARC details
000 -LEADER
fixed length control field 00490nam a2200181Ia 4500
005 - DATE AND TIME OF LATEST TRANSACTION
control field 20250625123802.0
008 - FIXED-LENGTH DATA ELEMENTS--GENERAL INFORMATION
fixed length control field 008 250516s9999 xx 000 0 eng d
020 ## - INTERNATIONAL STANDARD BOOK NUMBER
International Standard Book Number 9780262048439
040 ## - CATALOGING SOURCE
Language of cataloging eng
Transcribing agency SDCL
041 ## - LANGUAGE CODE
Language code of text/sound track or separate title eng
Source of code eng
084 ## - COLON CLASSIFICATION NUMBER
Classification number B281 R3
100 ## - MAIN ENTRY--PERSONAL NAME
Personal name Murphy, Kevin P.
245 #0 - TITLE STATEMENT
Title Probabilistic machine learning :
Remainder of title Advanced topics
260 ## - PUBLICATION, DISTRIBUTION, ETC.
Place of publication, distribution, etc. Cambridge :
Name of publisher, distributor, etc. The MIT Press,
Date of publication, distribution, etc. 2023.
300 ## - PHYSICAL DESCRIPTION
Extent xxxi, 1319p.
650 ## - SUBJECT ADDED ENTRY--TOPICAL TERM
Topical term or geographic name entry element Mathematics
942 ## - ADDED ENTRY ELEMENTS (KOHA)
Koha item type Textual
Source of classification or shelving scheme Colon Classification (CC)
100 ## - MAIN ENTRY--PERSONAL NAME
-- 29210
999 ## -
-- 1429055
-- 1429055
Holdings
Withdrawn status Lost status Source of classification or shelving scheme Damaged status Not for loan Home library Current library Date acquired Source of acquisition Inventory number Total checkouts Full call number Barcode Date due Date last seen Date last checked out Price effective from Koha item type
    Colon Classification (CC)     South Campus Library South Campus Library 2025-05-22 DSR Publishers & Distributors 944, 05/12/2024 1 B281 R3 SC1690621 2026-02-16 2026-02-05 2026-02-05 2025-05-22 Textual
Copyright @ Delhi University Library System